| 000 | 00724nam a22002175i 4500 | ||
|---|---|---|---|
| 001 | 168832 | ||
| 003 | ES-MaACL | ||
| 005 | 20230906213914.0 | ||
| 008 | 080612s1965 fr |||| | fre d | ||
| 080 | _a239 | ||
| 100 | 0 |
_aCelso. _937383 |
|
| 245 | 1 | 0 |
_aDiscours vrai contre les chrétiens / _cCelse ; introduction et traduction de Louis Rougier. |
| 260 |
_a[Paris] : _bJean-Jacques Pauvert, _c[1965] |
||
| 300 |
_a161 p. ; _c18 cm. |
||
| 490 | 1 |
_aLibertés ; _v26 |
|
| 650 | 1 | 4 |
_aCristianismo- _vObras de controversia. _911431 |
| 700 | 1 |
_aRougier, Louis. _9100019 |
|
| 830 | 0 |
_aLibertés ; _v26 _9185155 |
|
| 852 |
_aES-MaACL _jE-12182 _9R.190398 _z.- Biblioteca Jacinto Martínez Lacalle |
||
| 999 |
_c168832 _d168832 |
||